[Event "Titled Tuesday intern op 26th Apr Early"]
[Site "Chess.com INT"]
[Date "2022.04.26"]
[Round "6"]
[White "Mohammadian, Mohammad Taghi"]
[Black "Mihailidis, Anastasios"]
[Result "1-0"]
[WhiteElo "1454"]
[BlackElo "2201"]
[PlyCount "85"]
[EventDate "2022.04.26"]
[EventType "swiss (blitz)"]
[EventRounds "11"]
[EventCountry "USA"]
[SourceTitle "CBM 208 Extra"]
[Source "ChessBase"]
[SourceDate "2022.07.31"]
[SourceVersion "1"]
[SourceVersionDate "2022.07.31"]
[SourceQuality "1"]

1. e4 c5 2. Nf3 d6 3. d4 cxd4 4. Nxd4 Nf6 5. Nc3 g6 6. Be2 Bg7 7. Be3 0-0 8. Qd2 Nc6 9. 0-0-0 Ng4 10. Bxg4 Bxg4 11. f3 Bd7 12. Nxc6 Bxc6 13. Bh6 b5 14. Bxg7 Kxg7 15. a3 a5 16. h4 b4 17. Nb1 bxa3 18. Nxa3 h6 19. g4 Rb8 20. h5 g5 21. f4 f6 22. fxg5 fxg5 23. Qd4+ Kh7 24. Rhf1 Rxf1 25. Rxf1 Qg8 26. e5 dxe5 27. Qxe5 e6 28. Qc7+ Kh8 29. Qxc6 Qg7 30. c3 Qe5 31. Qf3 Qg7 32. Qf6 Rb7 33. Qxg7+ Kxg7 34. Re1 Kf6 35. Nc4 Rd7 36. Nxa5 Rd3 37. Kc2 Rg3 38. Re4 Rg2+ 39. Kb3 Ke7 40. Nc4 Kd7 41. Ne5+ Kd6 42. Ng6 Kd5 43. Rd4+ 1-0

[Event "Titled Tuesday intern op 26th Apr Early"]
[Site "Chess.com INT"]
[Date "2022.04.26"]
[Round "8"]
[White "Winkels, Marcel"]
[Black "Mohammadian, Mohammad Taghi"]
[Result "1-0"]
[WhiteElo "1974"]
[BlackElo "1454"]
[PlyCount "69"]
[EventDate "2022.04.26"]
[EventType "swiss (blitz)"]
[EventRounds "11"]
[EventCountry "USA"]
[SourceTitle "CBM 208 Extra"]
[Source "ChessBase"]
[SourceDate "2022.07.31"]
[SourceVersion "1"]
[SourceVersionDate "2022.07.31"]
[SourceQuality "1"]

1. e4 e5 2. Nf3 Nc6 3. Bc4 Bc5 4. b4 Bxb4 5. c3 Ba5 6. d4 exd4 7. 0-0 dxc3 8. Qb3 Qf6 9. Bg5 Qg6 10. Nxc3 Nf6 11. e5 Bxc3 12. Qxc3 Ne4 13. Qe3 Nxg5 14. Nxg5 0-0 15. f4 Ne7 16. Bd3 Qb6 17. Bxh7+ Kh8 18. Qxb6 axb6 19. Be4 Ra4 20. Rf3 f6 21. Rh3+ Kg8 22. Bc2 fxg5 23. Bxa4 Rxf4 24. Bb3+ Kf8 25. Rh8+ Ng8 26. Rxg8+ Ke7 27. Rxc8 Re4 28. Rxc7 Rxe5 29. Rxb7 Re3 30. Rd1 Kf6 31. Rxb6+ Kf5 32. Rxd7 g6 33. Bc2+ Kg4 34. Rb4+ Kh5 35. Rh7# 1-0